000 00899nam a22002297a 4500
999 _c10394
_d10394
003 AR-CdUCM
008 190401b ||||| |||| 00| 0 spa d
040 _aMUNICIPALIDAD PROVINCIAL DEL CUSCO
_cBIBLIOTECA MUNICIPAL DEL CUSCO
082 _a616 /
_bN55 / 1870
100 _aNiemeyer, F.
_927221
245 _aTratado completo de Patologia interna y terapeutica /
260 _aMadrid :
_bImprenta y libreria de Miguel Guijarro,
_c1870
300 _a478 paginas ;
_c21 cm.
505 _aContenido: enfermedades de la cavidad bucal -- Enfermedades de las gargantas -- enfermedades del esofago -- enfermedades del estomago -- conducto intestinal -- peritoneo...
650 _aEnfermedades
_95611
650 _aOrganos de la digestion
_927222
650 _aTratamientps
_927223
650 _aCausas
_927224
700 _aDe Bustamante , A. Sanchez
_927225
942 _2ddc
_cLIBROS
945 _apjha